| 000 | 00521nam a2200181Ia 4500 | ||
|---|---|---|---|
| 008 | 151202s9999||||xx |||||||||||||| ||und|| | ||
| 082 | _bPNVM-79469 | ||
| 100 | _aसामंत बाळ. | ||
| 245 | _aगजराज. | ||
| 260 | _b"परचुरे प्रकाशन मंदिर,मुंबई." | ||
| 260 | _c2002 | ||
| 300 | _a248 | ||
| 600 | _aसामंत बाळ. | ||
| 630 | _aगजराज. | ||
| 700 | _aसामंत बाळ. | ||
| 730 | _aगजराज. | ||
| 942 | _cBOOK | ||
| 999 |
_c1344078 _d1344075 |
||